Začínám se poznávat : porozumění mezilidským vztahům /

Hlavní autor: Sharp, Daryl, 1936-
Jazyk: Čeština
Vydáno: Brno : Emitos ve spolupráci s Nakladatelstvím Tomáše Janečka, 2008
Vydání: Vyd. 1.
Edice: Studie (Nakladatelství Tomáše Janečka)
Témata:
Externí odkaz: Digitalizovaný dokument
Fyzický popis: 126 s. ; 21 cm
Knihy
Uloženo v:
LEADER 02167nam a2200553 a 4500
001 nkc20081801209
003 CZ PrNK
005 20080709102608.0
007 ta
008 080421s2008 xr e 001 0 cze
015 |a cnb001801209 
020 |a 978-80-87171-00-4  |q (Emitos ;  |q brož.) 
020 |a 978-80-85880-49-6  |q (Nakladatelství Tomáše Janečka ;  |q brož.)  |z 978-80-85880-49-0 
035 |a (OCoLC)237192303 
040 |a OLA001  |b cze  |d BOA001 
041 1 |a cze  |h eng 
072 7 |a 159.96  |x Zvláštní duševní stavy a procesy. Hlubinná psychologie  |2 Konspekt  |9 17 
080 |a 316.472.4  |2 MRF 
080 |a 316.472.42  |2 MRF 
080 |a 165.242.1  |2 MRF 
080 |a 159.964.26  |2 MRF 
080 |a (042.3)  |2 MRF 
100 1 |a Sharp, Daryl,  |d 1936-  |7 xx0011951  |4 aut 
245 1 0 |a Začínám se poznávat :  |b porozumění mezilidským vztahům /  |c Daryl Sharp ; [z angličtiny přeložila Dagmar Hálová] 
246 3 0 |a Porozumění mezilidským vztahům 
250 |a Vyd. 1. 
260 |a Brno :  |b Emitos ve spolupráci s Nakladatelstvím Tomáše Janečka,  |c 2008 
300 |a 126 s. ;  |c 21 cm 
490 1 |a Studie ;  |v sv. 9 
504 |a Obsahuje bibliografické odkazy a rejstřík 
650 0 7 |a interpersonální vztahy  |7 ph114786  |2 czenas 
650 0 7 |a partnerské vztahy  |7 ph115684  |2 czenas 
650 0 7 |a sebepoznání  |7 ph116116  |2 czenas 
650 0 7 |a analytická psychologie  |7 ph114038  |2 czenas 
650 0 9 |a interpersonal relations  |2 eczenas 
650 0 9 |a partner relationships  |2 eczenas 
650 0 9 |a self-consciousness  |2 eczenas 
650 0 9 |a jungian psychology  |2 eczenas 
655 7 |a přednášky  |7 fd133199  |2 czenas 
655 9 |a lectures  |2 eczenas 
765 0 |t Getting to know you  |9 Česky 
830 0 |a Studie (Nakladatelství Tomáše Janečka)  |0 s 
856 4 1 |u http://www.digitalniknihovna.cz/mzk/uuid/uuid:f7d5d0a0-1b50-11ea-b1af-005056827e51  |y Digitalizovaný dokument  |x NDK 
910 2 |a BOA001  |b 2-1202.320 
928 9 |a Nakladatelství Tomáše Janečka 
990 |a BK 
995 |a 01 
991 |b 200805  |c NOV 
996 6 |b 2610341949  |c 2-1202.320  |l MZK  |r Sklad / do 1 hodiny  |n 4  |p p.v.  |w 000895551  |u 000010  |a 1  |e BOA001  |j MZK50  |s P